Was It a Country in the Year 1900 AD? Quiz Stats

 Plays Quiz Updated Mar 27, 2019

Score 0/30 Timer 03:00
1 Play Today
Country (Y) or (N) % Correct
United States of America???
91.4%
Spain???
91.2%
Mexico???
88.7%
Sweden???
87.2%
Brazil???
86.7%
Ottoman Empire???
85.5%
Greece???
83.4%
Israel???
81.1%
Siam???
77%
Union of Soviet Socialist Republics???
76.3%
Ethiopia???
71.1%
Belize???
67%
Bulgaria???
65.1%
Vietnam???
62.8%
Cyprus???
62.3%
Country (Y) or (N) % Correct
Liberia???
61.4%
Czechoslovakia???
60.8%
Nepal???
59.4%
Ireland???
57.1%
Saudi Arabia???
56.8%
Jamaica???
56.6%
Serbia???
51.8%
Malta???
50.6%
Union of South Africa???
49.2%
Panama???
45%
Poland???
43%
Iceland???
41.9%
Montenegro???
37.3%
Swaziland???
36.2%
Australia???
33%

You're not logged in!

Compare scores with friends on all Sporcle quizzes.
OR
Log In

Sporcle TV

Today on Sporcle TV


Watch our educational content, quiz creation guides, and fun videos on Sporcle TV.

Show Comments

Extras

Top Quizzes Today


Score Distribution

Your Account Isn't Verified!

In order to create a playlist on Sporcle, you need to verify the email address you used during registration. Go to your Sporcle Settings to finish the process.

Report this User

Report this user for behavior that violates our Community Guidelines.

Details: